|
|
|
|
| LEADER |
00000nam a2200000 i 4500 |
| 001 |
DIGUPAMP0094 |
| 003 |
NyNyDIG |
| 007 |
cr ||||||||||| |
| 008 |
250909s2024 ck a ob 000 0 spa d |
| 006 |
m o d |
| 035 |
|
|
|a (OCoLC)1536545376
|
| 040 |
|
|
|a DGITA
|b eng
|e rda
|e pn
|c DGITA
|
| 020 |
|
|
|a 9786287656406
|q (digital)
|
| 024 |
7 |
|
|a 10.24054/seu.92
|2 doi
|
| 050 |
1 |
4 |
|a TC163 ebook
|
| 100 |
1 |
|
|a Bonilla Granados, Carlos Alexis,
|e author.
|
| 245 |
1 |
0 |
|a Introducción al modelado hidráulico :
|b conceptos básicos y herramientas avanzadas (EPANET, EPA SWMM, HEC-RAS) /
|c Carlos Alexis Bonilla Granados, Diego Iván Sánchez Tapiero, Jarol Derley Ramón Valencia.
|
| 250 |
|
|
|a Primera edición.
|
| 264 |
|
1 |
|a [Pamplona, Colombia] :
|b Sello Editorial Unipamplona,
|c [2024]
|
| 300 |
|
|
|a 1 online resource :
|b illustrations.
|
| 336 |
|
|
|a text
|b txt
|2 rdacontent
|
| 337 |
|
|
|a computer
|b c
|2 rdamedia
|
| 338 |
|
|
|a online resource
|b cr
|2 rdacarrier
|
| 347 |
|
|
|a text file
|2 rdaft
|
| 347 |
|
|
|b PDF
|
| 490 |
1 |
|
|a Colección Tecnologías e ingenierías
|
| 504 |
|
|
|a Includes bibliographical references.
|
| 588 |
0 |
|
|a Online resource; title from PDF title page (Digitalia, viewed September 9, 2025)
|
| 650 |
|
0 |
|a Hydraulic models.
|
| 650 |
|
0 |
|a Hydraulic structures
|x Models.
|
| 650 |
|
0 |
|a Channels (Hydraulic engineering)
|
| 700 |
1 |
|
|a Sánchez Tapiero, Diego Iván,
|e author.
|
| 700 |
1 |
|
|a Ramón Valencia, Jarol Derley,
|e author.
|
| 791 |
2 |
|
|a Digitalia (Firm),
|e distributor.
|
| 793 |
0 |
|
|g Digitalia eBook Collection:
|a Universidad de Pamplona
|
| 830 |
|
0 |
|a Colección Tecnologías e ingenierías (Universidad de Pamplona)
|
| 856 |
4 |
0 |
|3 Digitalia Hispánica
|u https://www.digitaliapublishing.com/a/175743/
|
| 910 |
|
|
|a Premium collection: 2025
|